000 00351nam a2200133 i 4500
001 bg
100 1 _aZARZYCKA-SKRZYPEK, Jolanta
245 0 _aFunkcyjny aktyw SZSP na tle ogółu studentów /
_cJolanta Zarzycka-Skrzypek.
260 _aWarszawa,
_c1982.
040 _cBPK
041 _apol
942 _cKS
008 s pl f |000 0 pol
999 _c20598
_d20598
856 _uhttp://koha.tu.koszalin.pl/cgi-bin/koha/opac-detail.pl?biblionumber=20598
_yKatalog online BPK